[Event "Petrolina Cordioli Memorial op"]
[Site "Petrolina"]
[Date "2007.10.18"]
[Round "1"]
[White "Nunes, Marcelo Basilio"]
[Black "Lanfredi, Camila Vidal Veiga"]
[Result "1-0"]
[WhiteElo "1800"]
[BlackElo "1800"]
[PlyCount "35"]
[EventDate "2007.10.09"]
[EventType "swiss"]
[EventRounds "7"]
[EventCountry "BRA"]
[SourceTitle "EXT 2022"]
[Source "ChessBase"]
[SourceDate "2021.10.06"]
[SourceVersion "1"]
[SourceVersionDate "2021.10.06"]
[SourceQuality "1"]

1. d4 e6 2. Nf3 Nc6 3. Bf4 Nf6 4. e3 h6 5. h3 g5 6. Bh2 b5 7. Bxb5 a6 8. Be2 Bb4+ 9. c3 Ba5 10. Nbd2 0-0 11. e4 d5 12. e5 Nh7 13. Bd3 Rb8 14. b4 Bb6 15. Rc1 a5 16. Bb1 axb4 17. Qc2 bxc3 18. Qxh7# 1-0